How to Multiply Profits (Record no. 33578)

MARC details
000 -LEADER
fixed length control field 00373nam a22001577a 4500
005 - DATE AND TIME OF LATEST TRANSACTION
control field 20230926114949.0
008 - FIXED-LENGTH DATA ELEMENTS--GENERAL INFORMATION
fixed length control field 230914b |||||||| |||| 00| 0 eng d
020 ## - INTERNATIONAL STANDARD BOOK NUMBER
ISBN 9788170946250
082 ## - DEWEY DECIMAL CLASSIFICATION NUMBER
Classification number 658.4013
Item number HOW
245 ## - TITLE STATEMENT
Title How to Multiply Profits
260 ## - PUBLICATION, DISTRIBUTION, ETC.
Place of Publication India
Name of publisher, distributor, etc. Vision Books
Date of publication, distribution, etc. 2004
300 ## - PHYSICAL DESCRIPTION
Pages 152
500 ## - GENERAL NOTE
General note Include Index
650 ## - SUBJECT ADDED ENTRY--TOPICAL TERM
Subject / Department Business
952 ## - LOCATION AND ITEM INFORMATION (KOHA)
-- 0
-- 0
Holdings
Lost status Damaged status Permanent Location Current Location Shelving Location Date acquired Full Call Number Accession No./Barcode Date last seen item type
    Superior Information Resource Center (SIRC) Superior University- Central Library Superior Information Resource Center (SIRC) Superior University- Central Library Economics 09/14/2023 658.4013 HOW 2004 20460 09/14/2023 BOOK

Powered by Koha